Pisma zebrane

Titel: Pisma zebrane / Stefan Żeromski
Teil: 37
Ser. 6. Listy
1905 - 1912 / (red. Zdzisław Jerzy Achremczyk)
Verfasser:
Veröffentlicht: Warszawa : Czytelnik, 2006
Umfang: 448 S.
Format: Buch
Sprache: Polnisch
Schriftenreihe/
mehrbändiges Werk:
Pisma zebrane / Stefan Żeromski ; 37 : Ser. 6, Listy
alle Bände anzeigen
ISBN: 8307030579
Buchumschlag
X
alg: 18049815
001A    $00030:18-08-06 
001B    $03025:19-12-25 $t13:43:04.000 
001C    $00026:29-12-16 $t14:49:30.000 
001D    $00030:18-08-06 
001U    $0utf8 
001X    $00 
002@    $0Afy 
003@    $0180498150 
003O    $0615550817 $aOCoLC 
004A    $083-07-03057-9 
007A    $0180498150 $aHEB 
010@    $apol 
011@    $a2006 
021A    $a1905 - 1912 $h(red. Zdzisław Jerzy Achremczyk) 
028A    $#Żeromski, Stefan $#Zych, Maurycy $#Katerla, Józef $#Żeromski-Zych, ... $#Žeromskij, Stefan $#Zheromskiĭ, Stefan $#Žeromśkij, Stefan $#Žeromski, Stefan $#Je-lo-mu-ssu-chi $#Ż., Stefan $#Jeromsky, Stéphane $#Zsheromski, Stefan $#Zsheromsḳi, Sṭefan $#Zeromski, Stefan $#Katerla, Jósef $#Zych, Maurycy $#Si te fan · Re luo mu si qi $#斯特凡·热罗姆斯基 $#斯特凡·熱羅姆斯基 $#זשעראמסקי, סטעפאן $#Re luo mu si qi $#热罗姆斯基 $#熱羅姆斯基 $#Shen lang si qi $#什朗斯奇 $#什朗斯奇 $7118808419 $8Żeromski, Stefan$Z1864-1925 [Tp1] $9087148994 
033A    $pWarszawa $nCzytelnik 
034D    $a448 S. 
036C    $aPisma zebrane $x237 $hStefan Żeromski $l37 
036C/01 $a@Listy $mSer. 6 
036D    $x237 $8Pisma zebrane / Stefan Żeromski $9009489657 
045B    $a891.8536 $eDDCoclc 

lok: 18049815 3
101B    $018-08-06 $t14:28:10.000 
101C    $018-08-06 
145S/01 $a036 
101U    $0utf8 

exp: 18049815 3 1 #EPN
201B/01 $018-08-06 $t14:28:10.000 
201C/01 $018-08-06 
203@/01 $0440253098 
208@/01 $a18-08-06 $bzAa 
209A/01 $a82.273.01 Bd. 37 $du $f000 $h82 273 01 / B 37 $x00 
209G/01 $a65817764 $x00 
247C/01 $8601000-3 <30>Frankfurt, Universitätsbibliothek J. C. Senckenberg, Zentralbibliothek (ZB) $9102598258 
201U/01 $0utf8 

lok: 18049815 78

exp: 18049815 78 1 #EPN
201B/01 $019-12-25 $t13:43:04.000 
201C/01 $019-12-25 
201U/01 $0utf8 
203@/01 $01329738373 
208@/01 $a19-12-25 $be 
209A/01 $a/ $f000 $x00 
209A/01 $ab*p $x01 
220C/01 $apgar 
244Z/01 $#Generalgouvernement Polen $#Polska $#Rzeczpospolita Polska $#Polska Rzeczpospolita Ludowa $#Poland $#Pologne $#République Polonaise $#Generalne Gubernatorstwo w Polsce $#Polish People's Republic $#Polska Rzeczpospolita Polen $#PRL $#RP $#Polen Generalgouvernement $#Polska Generalgouvernement $#Besetzte Polnische Gebiete $#Besetztes Gebiet in Polen $#Okupowane Polskie Obszary $#Obszary Okupowane w Polsce $#Volksrepublik Polen $#Polska Rosyjska $#Republic Polen $#Respublika Pol'ša $#Pol'skaja Narodnaja Respublika $#République de Pologne $#Polen Links der Weichsel $#Polska po Lewej Stronie Wisły $#Lenkija $#Polija $#Gubernija Carstva Pol'skago $#Republik Polen $74046496-9 $8--Tg1--Polen $x01 $9085129801 
247C/01 $82080>Marburg/Lahn, Herder-Institut, Forschungsbibliothek, Bibliographieportal $9336309341
LEADER 00000cam a22000002cc4500
001 180498150
003 DE-603
005 20251219134304.0
007 tu
008 060818s2006 xx |||| | u00||u|pol c
020 |a 8307030579 
035 |a (DE-599)HEB180498150 
035 |a (OCoLC)615550817 
040 |a DE-603  |b ger  |c DE-603  |d DE-603 
041 |a pol 
082 7 |a 891.8536  |2 oc/lc 
100 1 |a Żeromski, Stefan  |d 1864-1925  |0 (DE-603)087148994  |0 (DE-588)118808419  |2 gnd 
245 0 0 |a Pisma zebrane  |n 37  |n Ser. 6  |p Listy  |p 1905 - 1912 / (red. Zdzisław Jerzy Achremczyk)  |c Stefan Żeromski 
264 1 |a Warszawa  |b Czytelnik  |c 2006 
300 |a 448 S. 
773 0 8 |q 237  |w (DE-603)009489657 
924 0 |9 30  |a (DE-603)440253098  |b DE-30  |c HES  |d c  |g 82.273.01 Bd. 37 
924 0 |9 2080  |a (DE-603)1329738373  |b DE-2080  |c HES  |d d  |g /